[Event "Titled Tuesday intern op 16th Apr Early"]
[Site "Chess.com INT"]
[Date "2024.04.16"]
[Round "2"]
[White "Bacrot, Etienne"]
[Black "Laddha, Shubh Jayesh"]
[Result "1-0"]
[WhiteElo "2686"]
[BlackElo "2324"]
[PlyCount "55"]
[EventDate "2024.04.16"]
[EventType "swiss (blitz)"]
[EventRounds "11"]
[EventCountry "USA"]
[SourceTitle "CB17_2024"]
[SourceDate "2024.04.24"]
[SourceVersion "1"]
[SourceVersionDate "2024.04.24"]
[SourceQuality "1"]

1. e4 e5 2. Nf3 Nc6 3. Bb5 a6 4. Ba4 Bc5 5. c3 Nge7 6. d4 exd4 7. cxd4 Bb4+ 8. Bd2 Bxd2+ 9. Qxd2 d5 10. e5 0-0 11. h3 f6 12. 0-0 fxe5 13. Nxe5 Nxe5 14. dxe5 Ng6 15. f4 c6 16. Nc3 Qh4 17. Ne2 Nxe5 18. fxe5 Rxf1+ 19. Rxf1 Qxa4 20. b4 Be6 21. Nd4 Bf7 22. e6 Bg6 23. e7 Re8 24. Ne6 Bf7 25. Qf4 Rxe7 26. Qb8+ Re8 27. Qxe8+ Bxe8 28. Rf8# 1-0

[Event "AUT-chT 2324"]
[Site "Austria"]
[Date "2024.03.22"]
[Round "9.6"]
[White "Bacrot, Etienne"]
[Black "Rogic, Davor"]
[Result "1-0"]
[WhiteElo "2680"]
[BlackElo "2418"]
[PlyCount "131"]
[EventDate "2023.11.22"]
[EventType "team-tourn"]
[EventRounds "11"]
[EventCountry "AUT"]
[SourceTitle "CB13_2024"]
[SourceDate "2024.03.27"]
[SourceVersion "1"]
[SourceVersionDate "2024.03.27"]
[SourceQuality "1"]
[WhiteTeam "Linz"]
[BlackTeam "St Veit"]
[WhiteTeamCountry "AUT"]
[BlackTeamCountry "AUT"]

1. e4 e5 2. Nf3 Nc6 3. Bb5 a6 4. Ba4 Nf6 5. 0-0 Be7 6. Re1 b5 7. Bb3 d6 8. c3 0-0 9. h3 Bb7 10. d4 Re8 11. Nbd2 Bf8 12. a4 Na5 13. Bc2 b4 14. d5 bxc3 15. bxc3 c6 16. c4 Qc7 17. Bd3 Bc8 18. Nb3 Nxb3 19. Qxb3 Rb8 20. Qa3 a5 21. Be3 Nd7 22. Reb1 Ba6 23. Nd2 Nc5 24. Bc2 Be7 25. Qc3 Rec8 26. dxc6 Ne6 27. Rb5 Qxc6 28. Rxb8 Rxb8 29. Qxa5 Nd4 30. Bd3 h6 31. Qd5 Qc7 32. Bxd4 Bb7 33. Qb5 Bc6 34. Qa6 exd4 35. Rb1 Ra8 36. Qb6 Qxb6 37. Rxb6 Bxa4 38. Nf3 Bd1 39. Nxd4 Bf6 40. Nf5 Ra3 41. Rxd6 Ra1 42. f4 Bg4+ 43. Kf2 Bxf5 44. exf5 Kf8 45. Kf3 Ke7 46. Rb6 Ra7 47. Ke4 Rd7 48. c5 Bd4 49. Rc6 Bg1 50. Bb5 Rb7 51. Bc4 Ra7 52. Rc8 Ra4 53. Kd5 Kd7 54. Rf8 Ke7 55. Rb8 Ra7 56. Bb5 Rc7 57. Re8+ Kf6 58. c6 Bh2 59. Re4 Rc8 60. Ba6 Rd8+ 61. Kc4 Rd1 62. Kb5 Rc1 63. Kb6 Kxf5 64. Bd3 Rc3 65. g4+ Kf6 66. Bc4 1-0

[Event "AUT-chT 2324"]
[Site "Austria"]
[Date "2024.03.21"]
[Round "8.6"]
[White "Schiestl, Josef"]
[Black "Bacrot, Etienne"]
[Result "0-1"]
[WhiteElo "2051"]
[BlackElo "2680"]
[PlyCount "76"]
[EventDate "2023.11.22"]
[EventType "team-tourn"]
[EventRounds "11"]
[EventCountry "AUT"]
[SourceTitle "CB13_2024"]
[SourceDate "2024.03.27"]
[SourceVersion "1"]
[SourceVersionDate "2024.03.27"]
[SourceQuality "1"]
[WhiteTeam "Mayrhofen/Zell/Zillertal"]
[BlackTeam "Linz"]
[WhiteTeamCountry "AUT"]
[BlackTeamCountry "AUT"]

1. e4 c5 2. Nc3 Nc6 3. Bb5 Nd4 4. Nf3 Nxb5 5. Nxb5 d6 6. d4 Nf6 7. Nc3 cxd4 8. Qxd4 e5 9. Qd3 h6 10. 0-0 Be7 11. Rd1 0-0 12. Nd2 Be6 13. Nc4 Qc7 14. Ne3 Rfc8 15. Bd2 Qc6 16. Rac1 a6 17. Be1 b5 18. Ncd5 Bxd5 19. Nxd5 Nxd5 20. exd5 Qd7 21. Bd2 Rc4 22. c3 Bg5 23. Re1 Rac8 24. Rcd1 f5 25. f3 Ra4 26. Ra1 Rac4 27. Rad1 Qf7 28. Be3 Bxe3+ 29. Rxe3 b4 30. b3 Rxc3 31. Qxa6 Qc7 32. Re2 Qc5+ 33. Kf1 e4 34. fxe4 fxe4 35. g3 Rf8+ 36. Kg2 Rcf3 37. Qc4 Rf2+ 38. Kh3 Qxc4 0-1

[Event "Bundesliga 2324"]
[Site "Germany"]
[Date "2024.03.16"]
[Round "12.7"]
[White "Wachinger, Nikolas"]
[Black "Bacrot, Etienne"]
[Result "0-1"]
[WhiteElo "2426"]
[BlackElo "2669"]
[PlyCount "80"]
[EventDate "2023.10.21"]
[EventType "team-tourn"]
[EventRounds "15"]
[EventCountry "GER"]
[SourceTitle "CB13_2024"]
[SourceDate "2024.03.27"]
[SourceVersion "1"]
[SourceVersionDate "2024.03.27"]
[SourceQuality "1"]
[WhiteTeam "Werder Bremen"]
[BlackTeam "Baden-Baden"]
[WhiteTeamCountry "GER"]
[BlackTeamCountry "GER"]

1. e4 c5 2. Nf3 e6 3. d4 cxd4 4. Nxd4 Nc6 5. Nc3 Qc7 6. f4 a6 7. Nxc6 Qxc6 8. Bd3 b5 9. Qe2 Bb7 10. Bd2 Be7 11. a3 Rc8 12. Rf1 Nf6 13. f5 e5 14. g4 h6 15. 0-0-0 b4 16. axb4 Bxb4 17. h4 d6 18. Rfe1 Qb6 19. g5 Nd7 20. Bc4 hxg5 21. hxg5 Nc5 22. g6 f6 23. Rh1 Rxh1 24. Rxh1 Bxc3 25. Bxc3 Nxe4 26. Rh8+ Ke7 27. Rh7 d5 28. Rxg7+ Kd6 29. Rxb7 Qxb7 30. Bxa6 Ra8 31. Qxe4 Qxa6 32. Bb4+ Kc6 33. Qe3 Qc4 34. Be7 Ra1+ 35. Kd2 Kd7 36. Bxf6 Qb4+ 37. Qc3 Qf4+ 38. Qe3 Rd1+ 39. Kxd1 Qxe3 40. g7 Qg1+ 0-1

[Event "Titled Tuesday intern op 12th Mar Late"]
[Site "Chess.com INT"]
[Date "2024.03.12"]
[Round "8"]
[White "Antoniou, Rafail"]
[Black "Bacrot, Etienne"]
[Result "0-1"]
[WhiteElo "2036"]
[BlackElo "2680"]
[PlyCount "50"]
[EventDate "2024.03.12"]
[EventType "swiss (blitz)"]
[EventRounds "11"]
[EventCountry "USA"]
[SourceTitle "CB12_2024"]
[SourceDate "2023.10.01"]
[SourceVersion "1"]
[SourceVersionDate "2023.10.01"]
[SourceQuality "1"]

1. e4 c5 2. c3 e5 3. Nf3 Nc6 4. d4 cxd4 5. cxd4 exd4 6. Nxd4 Nf6 7. Nxc6 bxc6 8. Nc3 Bb4 9. Bd3 0-0 10. 0-0 Re8 11. Re1 d6 12. Bd2 h6 13. Qc2 Ng4 14. a3 Bc5 15. Rf1 Qh4 16. Bf4 Nxf2 17. g3 Nxd3+ 18. Kh1 Qh5 19. Qxd3 Bh3 20. Rfe1 Bg4 21. Rf1 Rad8 22. Rae1 Bh3 23. Rf3 d5 24. e5 Bf5 25. Qd2 Qxf3+ 0-1

[Event "Titled Tuesday intern op 13th Feb Late"]
[Site "Chess.com INT"]
[Date "2024.02.13"]
[Round "6"]
[White "Bacrot, Etienne"]
[Black "Leiva Rodriguez, Jeammarco Giuseppe"]
[Result "1-0"]
[WhiteElo "2683"]
[BlackElo "2398"]
[PlyCount "41"]
[EventDate "2024.02.13"]
[EventType "swiss (blitz)"]
[EventRounds "11"]
[EventCountry "USA"]
[SourceTitle "CB08_2024"]
[SourceDate "2024.02.21"]
[SourceVersion "1"]
[SourceVersionDate "2024.02.21"]
[SourceQuality "1"]

1. e4 c5 2. Nf3 d6 3. Bb5+ Nd7 4. 0-0 a6 5. Bd3 Ngf6 6. Re1 b5 7. c3 Bb7 8. Bc2 c4 9. a4 e6 10. Na3 Nc5 11. axb5 axb5 12. Nd4 Be7 13. Ndxb5 Nfxe4 14. d4 cxd3 15. Bxd3 0-0 16. Bc2 d5 17. Be3 Bf6 18. f3 Qe7 19. fxe4 dxe4 20. Qd6 Rfd8 21. Qxc5 1-0

[Event "Titled Tuesday intern op 13th Feb Early"]
[Site "Chess.com INT"]
[Date "2024.02.13"]
[Round "1"]
[White "Bacrot, Etienne"]
[Black "Ljubarov, Mark"]
[Result "1/2-1/2"]
[WhiteElo "2683"]
[BlackElo "2333"]
[PlyCount "129"]
[EventDate "2024.02.13"]
[EventType "swiss (blitz)"]
[EventRounds "11"]
[EventCountry "USA"]
[SourceTitle "CB08_2024"]
[SourceDate "2024.02.21"]
[SourceVersion "1"]
[SourceVersionDate "2024.02.21"]
[SourceQuality "1"]

1. e4 c6 2. Nf3 d5 3. Nc3 dxe4 4. Nxe4 Nf6 5. Qe2 Nxe4 6. Qxe4 Qd5 7. Bd3 Qxe4+ 8. Bxe4 Nd7 9. d4 Nf6 10. Bd3 Bg4 11. Ne5 Bh5 12. c3 e6 13. h3 Bd6 14. Bf4 0-0-0 15. Bc2 Bxe5 16. Bxe5 Nd7 17. Bg3 c5 18. Rc1 Bg6 19. Ba4 Be4 20. Bxd7+ Rxd7 21. f3 Bc6 22. dxc5 Rd5 23. Bd6 b6 24. c4 Rg5 25. Kf2 bxc5 26. h4 Rh5 27. g4 Rh6 28. Bxc5 Rf6 29. Rc3 h5 30. Bd4 Rg6 31. g5 f6 32. Be3 a6 33. Rd1 Rd8 34. Rxd8+ Kxd8 35. Rd3+ Kc7 36. f4 fxg5 37. hxg5 e5 38. fxe5 Re6 39. Kg3 Be4 40. Rd4 Bb1 41. a3 Kc6 42. b4 Rxe5 43. Bf4 Re2 44. a4 Re4 45. Rxe4 Bxe4 46. Be3 Bd3 47. b5+ Kb7 48. c5 axb5 49. axb5 Bxb5 50. Kf4 g6 51. Ke4 Ba4 52. Bf2 Kc6 53. Ke5 Bc2 54. Kf6 Bb1 55. Kg7 Bf5 56. Kh6 Kd5 57. Kg7 Ke6 58. Bg3 Kd5 59. Bf2 Bb1 60. Kf6 Kc6 61. Ke5 Bf5 62. Kd4 Bc8 63. Ke5 Bf5 64. Kf6 Bd3 65. Ke5 1/2-1/2

[Event "Titled Tuesday intern op 13th Feb Late"]
[Site "Chess.com INT"]
[Date "2024.02.13"]
[Round "2"]
[White "Bacrot, Etienne"]
[Black "Palencia Morales, Wilson Guillermo"]
[Result "1-0"]
[WhiteElo "2683"]
[BlackElo "2180"]
[PlyCount "73"]
[EventDate "2024.02.13"]
[EventType "swiss (blitz)"]
[EventRounds "11"]
[EventCountry "USA"]
[SourceTitle "CB08_2024"]
[SourceDate "2024.02.21"]
[SourceVersion "1"]
[SourceVersionDate "2024.02.21"]
[SourceQuality "1"]

1. e4 c5 2. Nf3 d6 3. Bb5+ Nd7 4. 0-0 Ngf6 5. Re1 a6 6. Bf1 b6 7. c4 Bb7 8. Nc3 e6 9. d4 cxd4 10. Nxd4 Rc8 11. b3 b5 12. cxb5 Rxc3 13. Bb2 Rc8 14. bxa6 Ba8 15. Nb5 d5 16. exd5 Bxd5 17. Rc1 Bc5 18. Rxc5 Nxc5 19. Bxf6 gxf6 20. a7 0-0 21. Qd4 Ba8 22. Nd6 Rc6 23. Rd1 Qe7 24. b4 Nb7 25. Ne4 e5 26. Qe3 f5 27. b5 Rg6 28. Nc3 Nd6 29. Nd5 Bxd5 30. Rxd5 Ne4 31. b6 Nf6 32. Rxe5 Qb7 33. Re7 Ng4 34. Rxb7 Nxe3 35. fxe3 Rd6 36. Rb8 Rdd8 37. Rxd8 1-0

[Event "Titled Tuesday intern op 13th Feb Early"]
[Site "Chess.com INT"]
[Date "2024.02.13"]
[Round "5"]
[White "Bacrot, Etienne"]
[Black "Vivaan, Vishal Shah"]
[Result "1-0"]
[WhiteElo "2683"]
[BlackElo "2076"]
[PlyCount "51"]
[EventDate "2024.02.13"]
[EventType "swiss (blitz)"]
[EventRounds "11"]
[EventCountry "USA"]
[SourceTitle "CB08_2024"]
[SourceDate "2024.02.21"]
[SourceVersion "1"]
[SourceVersionDate "2024.02.21"]
[SourceQuality "1"]

1. e4 c5 2. Nf3 d6 3. Bb5+ Bd7 4. c4 a6 5. Bxd7+ Qxd7 6. 0-0 Nc6 7. Nc3 Nf6 8. Nd5 Nxd5 9. exd5 Na5 10. d3 g6 11. Bd2 b6 12. Bc3 Rg8 13. Qd2 Bg7 14. Bxg7 Rxg7 15. Qh6 Kf8 16. Rfe1 Kg8 17. Re3 Re8 18. Rae1 b5 19. b3 e5 20. dxe6 fxe6 21. Ng5 Rge7 22. h4 e5 23. h5 Qf5 24. Rf3 Qd7 25. hxg6 Rg7 26. Rf7 1-0

[Event "Titled Tuesday intern op 13th Feb Late"]
[Site "Chess.com INT"]
[Date "2024.02.13"]
[Round "5"]
[White "Bluebaum, Matthias"]
[Black "Bacrot, Etienne"]
[Result "1-0"]
[WhiteElo "2658"]
[BlackElo "2683"]
[PlyCount "55"]
[EventDate "2024.02.13"]
[EventType "swiss (blitz)"]
[EventRounds "11"]
[EventCountry "USA"]
[SourceTitle "CB08_2024"]
[SourceDate "2024.02.21"]
[SourceVersion "1"]
[SourceVersionDate "2024.02.21"]
[SourceQuality "1"]

1. d4 d5 2. c4 c6 3. Nf3 Nf6 4. Nc3 dxc4 5. e4 b5 6. Qc2 e6 7. Be2 Bb7 8. 0-0 Be7 9. Rb1 Qc7 10. e5 Nd5 11. Bg5 0-0 12. Ne4 h6 13. Bxe7 Qxe7 14. b3 cxb3 15. axb3 Na6 16. Nd6 Nab4 17. Qd2 f5 18. Rfc1 a5 19. Ne1 Ra7 20. Bf3 Ba8 21. h3 Rd8 22. Ra1 Rxd6 23. exd6 Qxd6 24. Nd3 Nxd3 25. Qxd3 Nb4 26. Qe3 Bb7 27. d5 Ra8 28. Qb6 1-0

[Event "Titled Tuesday intern op 13th Feb Late"]
[Site "Chess.com INT"]
[Date "2024.02.13"]
[Round "10"]
[White "Le, Quang Liem"]
[Black "Bacrot, Etienne"]
[Result "1-0"]
[WhiteElo "2731"]
[BlackElo "2683"]
[PlyCount "59"]
[EventDate "2024.02.13"]
[EventType "swiss (blitz)"]
[EventRounds "11"]
[EventCountry "USA"]
[SourceTitle "CB08_2024"]
[SourceDate "2024.02.21"]
[SourceVersion "1"]
[SourceVersionDate "2024.02.21"]
[SourceQuality "1"]

1. Nf3 d5 2. e3 Nf6 3. c4 e6 4. b3 b6 5. Bb2 Bb7 6. Nc3 Nbd7 7. Rc1 a6 8. cxd5 exd5 9. Ne2 c5 10. d4 g6 11. Nf4 Bg7 12. Be2 0-0 13. 0-0 Re8 14. Rc2 Rc8 15. Qa1 Ne4 16. dxc5 Bxb2 17. Qxb2 bxc5 18. Rd1 Nb6 19. Bd3 Qf6 20. Qc1 c4 21. Bxe4 Rxe4 22. Nd4 a5 23. Qb1 Ba6 24. h3 Ree8 25. Nde2 Qg5 26. Nc3 Red8 27. bxc4 Nxc4 28. Ncxd5 Na3 29. Qb2 Nxc2 30. Nf6+ 1-0

[Event "Titled Tuesday intern op 06th Feb Early"]
[Site "Chess.com INT"]
[Date "2024.02.06"]
[Round "4"]
[White "Bacrot, Etienne"]
[Black "Buksa, Nataliya"]
[Result "0-1"]
[WhiteElo "2683"]
[BlackElo "2388"]
[PlyCount "62"]
[EventDate "2024.02.06"]
[EventType "swiss (blitz)"]
[EventRounds "11"]
[EventCountry "USA"]
[SourceTitle "CB07_2024"]
[SourceDate "2024.02.14"]
[SourceVersion "1"]
[SourceVersionDate "2024.02.14"]
[SourceQuality "1"]

1. e4 c5 2. Nf3 Nc6 3. Bb5 Nf6 4. Nc3 Qc7 5. 0-0 Nd4 6. Re1 e5 7. Bc4 d6 8. Ng5 Ne6 9. d3 Be7 10. h3 0-0 11. a4 h6 12. Nxe6 Bxe6 13. f4 Nd7 14. f5 Bxc4 15. dxc4 Bh4 16. Rf1 Qc6 17. Qg4 Bg5 18. Bxg5 hxg5 19. Qxg5 f6 20. Qg4 Rf7 21. Rf3 Nf8 22. Nd5 b6 23. Rg3 Nh7 24. Qh5 a6 25. Rg4 Raa7 26. Rh4 g5 27. fxg6 Rg7 28. gxh7+ Kh8 29. Rg4 Rxh7 30. Qg6 Rag7 31. Qxf6 Qc8 0-1

[Event "Titled Tuesday intern op 06th Feb Early"]
[Site "Chess.com INT"]
[Date "2024.02.06"]
[Round "6"]
[White "Bacrot, Etienne"]
[Black "Sierra Vallina, Lionel"]
[Result "1-0"]
[WhiteElo "2683"]
[BlackElo "2275"]
[PlyCount "87"]
[EventDate "2024.02.06"]
[EventType "swiss (blitz)"]
[EventRounds "11"]
[EventCountry "USA"]
[SourceTitle "CB07_2024"]
[SourceDate "2024.02.14"]
[SourceVersion "1"]
[SourceVersionDate "2024.02.14"]
[SourceQuality "1"]

1. e4 c6 2. Nf3 d5 3. Nc3 dxe4 4. Nxe4 Nf6 5. Qe2 Nxe4 6. Qxe4 Nd7 7. Bc4 Nf6 8. Ne5 e6 9. Qe2 b5 10. Bd3 Bd6 11. a4 a6 12. axb5 Qc7 13. Nc4 Bc5 14. bxc6 Qxc6 15. Qf3 Qxf3 16. gxf3 Bb7 17. Be2 Ng4 18. Na5 Bd5 19. c4 Nxf2 20. Rf1 Bxf3 21. Bxf3 Nd3+ 22. Ke2 0-0-0 23. Nb7 Rd7 24. Nxc5 Nxc5 25. b4 Nb3 26. Rxa6 Rhd8 27. Ra8+ Kc7 28. Rxd8 Rxd8 29. d3 Nd4+ 30. Kd2 e5 31. Bb2 Nb3+ 32. Kc3 Nd4 33. Bd5 f5 34. Ra1 Kb6 35. c5+ Kc7 36. Bc4 e4 37. Kd2 Nf3+ 38. Ke3 g5 39. dxe4 fxe4 40. Ra7+ Kc6 41. Ba3 Nd4 42. b5+ Nxb5 43. Ra6+ Kb7 44. Bxb5 1-0

[Event "Chessable Masters Play In"]
[Site "Chess.com INT"]
[Date "2024.01.31"]
[Round "2"]
[White "Bacrot, Etienne"]
[Black "Keymer, Vincent"]
[Result "0-1"]
[WhiteElo "2683"]
[BlackElo "2743"]
[PlyCount "86"]
[EventDate "2024.01.31"]
[EventType "swiss (rapid)"]
[EventRounds "9"]
[EventCountry "USA"]
[SourceTitle "CB06_2024"]
[SourceDate "2024.02.07"]
[SourceVersion "1"]
[SourceVersionDate "2024.02.07"]
[SourceQuality "1"]

1. e4 c6 2. Nc3 d5 3. Nf3 Bg4 4. h3 Bxf3 5. Qxf3 e6 6. Be2 d4 7. Nb1 Ne7 8. d3 h5 9. h4 Ng6 10. g3 Bb4+ 11. Kf1 Nd7 12. Qg2 Nge5 13. a3 Ba5 14. f4 Ng4 15. Bxg4 hxg4 16. Qe2 0-0 17. Qxg4 f5 18. exf5 exf5 19. Qf3 Nf6 20. Nd2 Ng4 21. Nc4 Bc7 22. a4 a6 23. Bd2 b5 24. Na3 Qd7 25. Kg2 Bd6 26. Rhe1 Rae8 27. axb5 axb5 28. Kg1 Kh7 29. Rac1 Rxe1+ 30. Rxe1 Re8 31. Re2 Ra8 32. Bc1 Bb4 33. Kg2 Ra7 34. Kg1 c5 35. Kg2 c4 36. dxc4 Bxa3 37. bxa3 bxc4 38. Bb2 c3 39. Bc1 Rb7 40. Kh3 Rb1 41. Re1 d3 42. cxd3 Qxd3 43. Qc6 Qc2 0-1

[Event "Titled Tuesday intern op 16th Jan Early"]
[Site "Chess.com INT"]
[Date "2024.01.16"]
[Round "7"]
[White "Bacrot, Etienne"]
[Black "Rama, Tejas"]
[Result "0-1"]
[WhiteElo "2683"]
[BlackElo "2221"]
[PlyCount "104"]
[EventDate "2024.01.16"]
[EventType "swiss (blitz)"]
[EventRounds "11"]
[EventCountry "USA"]
[SourceTitle "CB04_2024"]
[SourceDate "2023.10.16"]
[SourceVersion "1"]
[SourceVersionDate "2023.10.16"]
[SourceQuality "1"]

1. e4 e5 2. Nf3 Nc6 3. Bb5 Nf6 4. 0-0 Nxe4 5. Re1 Nd6 6. Nxe5 Be7 7. Bf1 Nxe5 8. Rxe5 0-0 9. d4 Bf6 10. Re1 Re8 11. Nc3 Rxe1 12. Qxe1 Bxd4 13. Bf4 Ne8 14. Nd5 c6 15. Ne7+ Kf8 16. Nxc8 Qf6 17. Qb4+ c5 18. Qd2 Rxc8 19. c3 Be5 20. Bxe5 Qxe5 21. Qxd7 Rc7 22. Qd3 g6 23. Rd1 Re7 24. g3 Nf6 25. Bg2 b6 26. Bf3 Kg7 27. Kg2 Qc7 28. Qc4 Nd7 29. Bd5 Nf6 30. Bf3 Nd7 31. Ba8 Nf6 32. h4 Qe5 33. Bf3 Qe6 34. Qxe6 Rxe6 35. a4 Re7 36. a5 Rd7 37. Ra1 Rd6 38. Kf1 Nd7 39. c4 Ne5 40. Bd5 b5 41. b3 bxc4 42. bxc4 Nd3 43. Re1 Nxe1 44. Kxe1 Kf6 45. Kd2 Ke5 46. Ke3 Rxd5 47. f4+ Kd6 48. cxd5 Kxd5 49. g4 h5 50. f5 hxg4 51. Kf4 c4 52. Kxg4 c3 0-1

[Event "Titled Tuesday intern op 16th Jan Early"]
[Site "Chess.com INT"]
[Date "2024.01.16"]
[Round "4"]
[White "Bacrot, Etienne"]
[Black "Svane, Rasmus"]
[Result "1/2-1/2"]
[WhiteElo "2683"]
[BlackElo "2637"]
[PlyCount "175"]
[EventDate "2024.01.16"]
[EventType "swiss (blitz)"]
[EventRounds "11"]
[EventCountry "USA"]
[SourceTitle "CB04_2024"]
[SourceDate "2023.10.16"]
[SourceVersion "1"]
[SourceVersionDate "2023.10.16"]
[SourceQuality "1"]

1. e4 c6 2. d4 d5 3. e5 Bf5 4. Nf3 e6 5. Be2 Ne7 6. 0-0 Ng6 7. c3 Nd7 8. Ne1 h5 9. Bd3 Ne7 10. Bg5 f6 11. exf6 gxf6 12. Bh4 Qb6 13. Qe2 0-0-0 14. Bxf5 Nxf5 15. Bxf6 Nxf6 16. Qxe6+ Nd7 17. Qxf5 Qxb2 18. Qc2 Qxc2 19. Nxc2 Re8 20. Re1 Bh6 21. Kf1 Nb6 22. a4 a5 23. Ra2 Nc4 24. Nca3 Nb6 25. Nc2 Nc4 26. Nca3 Nb6 27. Rxe8+ Rxe8 28. Nc2 Nc4 29. Ne1 Kc7 30. Nd3 Kd6 31. g3 b5 32. axb5 cxb5 33. Na3 Nxa3 34. Rxa3 a4 35. f4 Bf8 36. Kf2 Kd7 37. Nb4 Bxb4 38. cxb4 Rc8 39. Re3 Ra8 40. f5 a3 41. Re1 a2 42. Ra1 Ra3 43. h3 Ke7 44. Kg2 Kf6 45. g4 hxg4 46. hxg4 Kg5 47. Kh2 Ra4 48. Kg3 Rxb4 49. Rxa2 Rxd4 50. Rf2 Rxg4+ 51. Kh3 Rh4+ 52. Kg3 Rh6 53. Rd2 Rd6 54. Rb2 Kxf5 55. Rxb5 Ke4 56. Kf2 Kd3 57. Ke1 d4 58. Kd1 Rc6 59. Rb3+ Rc3 60. Rb2 Ra3 61. Rd2+ Ke4 62. Re2+ Re3 63. Rh2 Rg3 64. Kd2 Rg4 65. Rh3 Kd5 66. Rf3 Kc4 67. Rh3 Rg2+ 68. Kd1 Ra2 69. Rg3 Ra1+ 70. Kd2 Rh1 71. Rf3 Rh2+ 72. Kd1 Rg2 73. Rh3 Rb2 74. Rg3 Rb1+ 75. Kc2 Rh1 76. Kd2 Rh4 77. Kd1 Rh2 78. Rf3 Ra2 79. Rg3 Rf2 80. Rh3 Kd5 81. Rg3 Ke4 82. Rh3 Rg2 83. Ke1 Rc2 84. Kd1 Rf2 85. Ke1 Rg2 86. Kd1 Kd5 87. Ke1 Kc4 88. Kd1 1/2-1/2

[Event "Titled Tuesday intern op 16th Jan Early"]
[Site "Chess.com INT"]
[Date "2024.01.16"]
[Round "3"]
[White "Sadovsky, Artem"]
[Black "Bacrot, Etienne"]
[Result "0-1"]
[WhiteElo "2276"]
[BlackElo "2683"]
[PlyCount "74"]
[EventDate "2024.01.16"]
[EventType "swiss (blitz)"]
[EventRounds "11"]
[EventCountry "USA"]
[SourceTitle "CB04_2024"]
[SourceDate "2023.10.16"]
[SourceVersion "1"]
[SourceVersionDate "2023.10.16"]
[SourceQuality "1"]

1. Nf3 d5 2. e3 Nf6 3. b3 Bf5 4. Bb2 e6 5. Be2 h6 6. 0-0 Be7 7. d3 0-0 8. Nbd2 Nbd7 9. c4 c6 10. Qc2 Bh7 11. Rad1 a5 12. a3 Bd6 13. e4 Qc7 14. Qc3 dxe4 15. Nxe4 Be7 16. Nxf6+ Bxf6 17. d4 c5 18. Qe3 Rfd8 19. Bc3 Bc2 20. Rd2 cxd4 21. Nxd4 Bg6 22. Nb5 Qc5 23. Rxd7 Qf5 24. Rxd8+ Rxd8 25. Bxf6 Qxf6 26. g3 Qb2 27. Re1 Rd2 28. Bf1 Kh7 29. h4 Rc2 30. h5 Bf5 31. g4 Bxg4 32. Bd3+ Bf5 33. Bxc2 Bxc2 34. Qc3 Qa2 35. Ra1 Qxb3 36. Qb4 axb4 37. Nd6 Qc3 0-1

[Event "Titled Tuesday intern op 09th Jan Early"]
[Site "Chess.com INT"]
[Date "2024.01.09"]
[Round "11"]
[White "Bluebaum, Matthias"]
[Black "Bacrot, Etienne"]
[Result "1-0"]
[WhiteElo "2655"]
[BlackElo "2683"]
[PlyCount "45"]
[EventDate "2024.01.09"]
[EventType "swiss (blitz)"]
[EventRounds "11"]
[EventCountry "USA"]
[SourceTitle "CB03_2024"]
[SourceDate "2024.01.17"]
[SourceVersion "1"]
[SourceVersionDate "2024.01.17"]
[SourceQuality "1"]

1. d4 d5 2. c4 c6 3. Nf3 Nf6 4. Nc3 dxc4 5. e4 b5 6. Qc2 e6 7. Be2 Be7 8. 0-0 Bb7 9. Rb1 Qc7 10. e5 Nd5 11. Bg5 Nxc3 12. bxc3 a6 13. a4 h6 14. Bxe7 Qxe7 15. Nd2 0-0 16. Ne4 Nd7 17. Bxc4 c5 18. axb5 cxd4 19. cxd4 Rfc8 20. Nd6 axb5 21. Rxb5 Bd5 22. Qe2 Qxd6 23. Bxd5 1-0